Ensayos de sociología de la cultura (Record no. 96931)

MARC details
000 -LEADER
campo de control de longitud fija 00954nam a2200229 i 4500
001 - NÚMERO DE CONTROL
campo de control 96931
003 - IDENTIFICADOR DE NÚMERO DE CONTROL
campo de control ES-MaACL
005 - FECHA Y HORA DE LA ÚLTIMA TRANSACCIÓN
campo de control 20251015145507.0
007 - CAMPO FIJO DE DESCRIPCIÓN FÍSICA--INFORMACIÓN GENERAL
campo de control de longitud fija t|
008 - DATOS DE LONGITUD FIJA--INFORMACIÓN GENERAL
campo de control de longitud fija 050704s1957 sp |||| | spa d
100 1# - ENTRADA PRINCIPAL--NOMBRE DE PERSONA
Nombre de persona Mannheim, Karl,
Fechas asociadas al nombre 1893-1947
9 (RLIN) 76063
245 10 - MENCIÓN DEL TÍTULO
Título Ensayos de sociología de la cultura
Resto del título : hacia una sociología del espíritu. El problema de la "Intelligentsia". La democratización de la cultura /
Mención de responsabilidad, etc. Karl Mannheim ; recopilados por Ernest Manheim en colaboración con Paul Kecskemeti ; nota preliminar de Juan Zaragüeta ; traduccióndel inglés por Manuel Suárez.
260 ## - PUBLICACIÓN, DISTRIBUCIÓN, ETC.
Lugar de publicación, distribución, etc. Madrid :
Nombre del editor, distribuidor, etc. Aguilar,
Fecha de publicación, distribución, etc. 1957.
300 ## - DESCRIPCIÓN FÍSICA
Extensión 354 p. ;
Dimensiones 20 cm.
650 ## - PUNTO DE ACCESO ADICIONAL DE MATERIA--TÉRMINO DE MATERIA
Término de materia o nombre geográfico como elemento de entrada Sociología de la cultura.
9 (RLIN) 146353
700 1# - ENTRADA AGREGADA--NOMBRE PERSONAL
Nombre de persona Manheim, Ernest.
9 (RLIN) 76022
700 1# - ENTRADA AGREGADA--NOMBRE PERSONAL
Nombre de persona Kecskemeti, Paul.
9 (RLIN) 67702
700 1# - ENTRADA AGREGADA--NOMBRE PERSONAL
Nombre de persona Zaragüeta, Juan.
9 (RLIN) 118040
700 1# - ENTRADA AGREGADA--NOMBRE PERSONAL
Nombre de persona Suárez, Manuel,
Fechas asociadas al nombre 1907-1981
9 (RLIN) 108572
852 ## - LOCALIZACIÓN
Ubicación ES-MaACL
Número de control de estantería C-13565
Holdings
Estatus retirado Estado de pérdida Estado de daño No para préstamo Biblioteca de origen Biblioteca actual Ubicación en estantería Fecha de adquisición Fuente de adquisición Total de préstamos Signatura topográfica completa Código de barras Visto por última vez Precio de reemplazo Tipo de ítem Koha
        Biblioteca del Ateneo de Madrid Biblioteca del Ateneo de Madrid Sala Palomar 17/01/2008     C-13565 1101193 23/02/2023 23/02/2023 Libro impreso